Menosprecio de corte y alabanza de aldea

Đã lưu trong:
Chi tiết về thư mục
Tác giả chính: Guevara, Fray Antonio de
Định dạng: Sách
Ngôn ngữ:Undetermined
Được phát hành: Madrid, España Espasa-Calpe 1975
Phiên bản:4
Những chủ đề:
Các nhãn: Thêm thẻ
Không có thẻ, Là người đầu tiên thẻ bản ghi này!

MARC

LEADER 00000nam a2200000Ia 4500
008 170316s9999 xx 000 0 und d
040 |a cru BVZT 
090 |a 862 G-45m 
100 |a Guevara, Fray Antonio de 
245 |a Menosprecio de corte y alabanza de aldea 
250 |a 4 
260 |a Madrid, España 
260 |b Espasa-Calpe 
260 |c 1975 
300 |a 200 páginas 
650 |a LITERATURA ESPAÑOLA 
999 |c 9948  |d 9948 
942 |c 15 D  |h 862 G-45m  |2 z